00465nam a2200157Ia 4500008004100000082001000041100001600051245005700067250000600124260002400130300000700154600001600161630005700177700001600234730005700250090124s9999 xx 000 0 und d b36478 aFITUNI L.A. aECONOMICALLY UNDERDEVELOPED COUNTRIES AND THE WEST  a1 bPROGRESS PUBLISHERS a84 aFITUNI L.A. aECONOMICALLY UNDERDEVELOPED COUNTRIES AND THE WEST  aFITUNI L.A. aECONOMICALLY UNDERDEVELOPED COUNTRIES AND THE WEST